000 00755nam a22002177a 4500
008 220824b |||||||| |||| 00| 0 eng d
020 _a9781845114992
040 _cCUZ
050 0 0 _aBP166.57
_bGRU
100 1 _a Gruber, Christiane J., 1976-
245 1 0 _a The Ilkhanid book of ascension :
_ba Persian-Sunni devotional tale /
_cby Christiane J. Gruber.
264 _aLondon :
_aNew York:
_bTauris Academic Studies ,
_cc2010
300 _axi, 188pages ;
_bplates,
_c25cm.
336 _atext
_btxt
337 _aunmediated
_bn
338 _2rdacarrier
650 0 _aMuḼammad, Prophet, -632
650 0 _aReligious literature, Persian
942 _cOS
999 _c44533
_d44533